00569nam a2200157Ia 4500008004100000041001200041082001700053100001300070245008900083260003000172440000900202650002500211942000700236999001900243952014900262240126s9999 xx 000 0 und d aEnglish aPRMBA21-3302 aPavan M. 3aAn evaluation of overall performance of selected private banks in IndiabSrinivas G. bPES UniversityaBangalore aNULL aFinancial Management cPR c292618d292618 r2024-01-26 00:00:00l0oPRMBA21-3302pPR3302h(13/07/1905)w2024-01-26yPRzFinancial project1040708MBA00aMLbMLcCLd0000-00-00GRSF1V0